000 00553nam a2200229Ia 4500
003 OSt
005 20221006151849.0
006 a|||||r|||| 00| 0
007 ta
008 221006b |||||||| |||| 00| 0 eng d
020 _c445.00
024 _a23,736
037 _cTextual
040 _aEASL
_cEASL
_beng
041 _2eng
_aeng
100 _aSAYAMA Mike
_9660167
245 0 _aSamadhi
260 _aNew York
_bState University of New Press
_c1986
300 _a160p.
_ccm.
942 _cTEXL
_2CC
999 _c1091822
_d1091822